<?xml version="1.0" encoding="UTF-8"?>
<record
    xmlns:xsi="http://www.w3.org/2001/XMLSchema-instance"
    xsi:schemaLocation="http://www.loc.gov/MARC21/slim http://www.loc.gov/standards/marcxml/schema/MARC21slim.xsd"
    xmlns="http://www.loc.gov/MARC21/slim">

  <leader>02910nam0a2200433   4500</leader>
  <controlfield tag="001">RU\NLR\bibl\803340</controlfield>
  <controlfield tag="005">20260405083139.0</controlfield>
  <datafield tag="021" ind1=" " ind2=" ">
    <subfield code="a">RU</subfield>
    <subfield code="b">2004-49161</subfield>
    <subfield code="9">2421</subfield>
  </datafield>
  <datafield tag="035" ind1=" " ind2=" ">
    <subfield code="a">RSL-KNO-002459817</subfield>
  </datafield>
  <datafield tag="035" ind1=" " ind2=" ">
    <subfield code="a">(NLR Aleph) 000792496</subfield>
  </datafield>
  <datafield tag="090" ind1=" " ind2=" ">
    <subfield code="a">1130516</subfield>
    <subfield code="c">1130516</subfield>
  </datafield>
  <datafield tag="100" ind1=" " ind2=" ">
    <subfield code="a">20040818d2004    |||y0rusy50      ca</subfield>
  </datafield>
  <datafield tag="101" ind1="0" ind2=" ">
    <subfield code="a">rus</subfield>
  </datafield>
  <datafield tag="102" ind1=" " ind2=" ">
    <subfield code="a">RU</subfield>
  </datafield>
  <datafield tag="105" ind1=" " ind2=" ">
    <subfield code="a">y   |||||||||</subfield>
  </datafield>
  <datafield tag="106" ind1=" " ind2=" ">
    <subfield code="a">r</subfield>
  </datafield>
  <datafield tag="200" ind1="1" ind2=" ">
    <subfield code="a">&#x41C;&#x430;&#x433;&#x438;&#x441;&#x442;&#x440; &#x431;&#x43E;&#x433;&#x43E;&#x441;&#x43B;&#x43E;&#x432;&#x438;&#x44F; &#x412;&#x438;&#x43A;&#x442;&#x43E;&#x440; &#x412;&#x438;&#x448;&#x43D;&#x435;&#x432;&#x441;&#x43A;&#x438;&#x439; &#x438; &#x435;&#x433;&#x43E; &#x440;&#x43E;&#x43B;&#x44C; &#x432; &#x438;&#x441;&#x442;&#x43E;&#x440;&#x438;&#x438; &#x441;&#x442;&#x430;&#x440;&#x43E;&#x447;&#x443;&#x432;&#x430;&#x448;&#x441;&#x43A;&#x43E;&#x439; &#x43F;&#x438;&#x441;&#x44C;&#x43C;&#x435;&#x43D;&#x43D;&#x43E;&#x441;&#x442;&#x438; &#x438; &#x43B;&#x438;&#x442;&#x435;&#x440;&#x430;&#x442;&#x443;&#x440;&#x43D;&#x43E;&#x433;&#x43E; &#x44F;&#x437;&#x44B;&#x43A;&#x430;</subfield>
    <subfield code="f">&#x41D;.&#x41F;. &#x41F;&#x435;&#x442;&#x440;&#x43E;&#x432;</subfield>
    <subfield code="g">&#x41C;-&#x432;&#x43E; &#x43E;&#x431;&#x440;&#x430;&#x437;&#x43E;&#x432;&#x430;&#x43D;&#x438;&#x44F; &#x438; &#x43D;&#x430;&#x443;&#x43A;&#x438; &#x420;&#x43E;&#x441;. &#x424;&#x435;&#x434;&#x435;&#x440;&#x430;&#x446;&#x438;&#x438;, &#x427;&#x443;&#x432;&#x430;&#x448;. &#x433;&#x43E;&#x441;. &#x443;&#x43D;-&#x442; &#x438;&#x43C;. &#x418;.&#x41D;. &#x423;&#x43B;&#x44C;&#x44F;&#x43D;&#x43E;&#x432;&#x430;</subfield>
  </datafield>
  <datafield tag="210" ind1=" " ind2=" ">
    <subfield code="a">&#x427;&#x435;&#x431;&#x43E;&#x43A;&#x441;&#x430;&#x440;&#x44B;</subfield>
    <subfield code="c">&#x427;&#x443;&#x432;&#x430;&#x448;. &#x433;&#x43E;&#x441;. &#x443;&#x43D;-&#x442;</subfield>
    <subfield code="d">2004</subfield>
    <subfield code="e">&#x422;&#x438;&#x43F;. &#x443;&#x43D;-&#x442;&#x430;</subfield>
  </datafield>
  <datafield tag="215" ind1=" " ind2=" ">
    <subfield code="a">107 &#x441;.</subfield>
    <subfield code="d">20</subfield>
  </datafield>
  <datafield tag="320" ind1=" " ind2=" ">
    <subfield code="a">&#x411;&#x438;&#x431;&#x43B;&#x438;&#x43E;&#x433;&#x440;.: &#x441;. 100-103 (63 &#x43D;&#x430;&#x437;&#x432;.)</subfield>
  </datafield>
  <datafield tag="606" ind1="1" ind2=" ">
    <subfield code="a">&#x427;&#x443;&#x432;&#x430;&#x448;&#x441;&#x43A;&#x438;&#x439; &#x44F;&#x437;&#x44B;&#x43A;</subfield>
    <subfield code="x">&#x418;&#x437;&#x443;&#x447;&#x435;&#x43D;&#x438;&#x435;</subfield>
    <subfield code="x">&#x418;&#x441;&#x442;&#x43E;&#x440;&#x438;&#x44F;</subfield>
    <subfield code="9">2000842</subfield>
    <subfield code="3">RU\NLR\auth\661204552</subfield>
  </datafield>
  <datafield tag="610" ind1="0" ind2=" ">
    <subfield code="a">&#x424;&#x438;&#x43B;&#x43E;&#x43B;&#x43E;&#x433;&#x438;&#x447;&#x435;&#x441;&#x43A;&#x438;&#x435; &#x43D;&#x430;&#x443;&#x43A;&#x438;. &#x425;&#x443;&#x434;&#x43E;&#x436;&#x435;&#x441;&#x442;&#x432;&#x435;&#x43D;&#x43D;&#x430;&#x44F; &#x43B;&#x438;&#x442;&#x435;&#x440;&#x430;&#x442;&#x443;&#x440;&#x430; -- &#x42F;&#x437;&#x44B;&#x43A;&#x43E;&#x437;&#x43D;&#x430;&#x43D;&#x438;&#x435; -- &#x422;&#x44E;&#x440;&#x43A;&#x441;&#x43A;&#x438;&#x435; &#x44F;&#x437;&#x44B;&#x43A;&#x438; -- &#x411;&#x443;&#x43B;&#x433;&#x430;&#x440;&#x441;&#x43A;&#x430;&#x44F; (&#x431;&#x443;&#x43B;&#x433;&#x430;&#x440;&#x43E;-&#x447;&#x443;&#x432;&#x430;&#x448;&#x441;&#x43A;&#x430;&#x44F;) &#x433;&#x440;&#x443;&#x43F;&#x43F;&#x430; &#x44F;&#x437;&#x44B;&#x43A;&#x43E;&#x432; -- &#x427;&#x443;&#x432;&#x430;&#x448;&#x441;&#x43A;&#x438;&#x439; &#x44F;&#x437;&#x44B;&#x43A; -- &#x418;&#x441;&#x442;&#x43E;&#x440;&#x438;&#x44F; &#x44F;&#x437;&#x44B;&#x43A;&#x430; -- &#x41E;&#x431;&#x449;&#x430;&#x44F; &#x438;&#x441;&#x442;&#x43E;&#x440;&#x438;&#x44F; &#x44F;&#x437;&#x44B;&#x43A;&#x430;</subfield>
  </datafield>
  <datafield tag="610" ind1="0" ind2=" ">
    <subfield code="a">&#x424;&#x438;&#x43B;&#x43E;&#x43B;&#x43E;&#x433;&#x438;&#x447;&#x435;&#x441;&#x43A;&#x438;&#x435; &#x43D;&#x430;&#x443;&#x43A;&#x438;. &#x425;&#x443;&#x434;&#x43E;&#x436;&#x435;&#x441;&#x442;&#x432;&#x435;&#x43D;&#x43D;&#x430;&#x44F; &#x43B;&#x438;&#x442;&#x435;&#x440;&#x430;&#x442;&#x443;&#x440;&#x430; -- &#x42F;&#x437;&#x44B;&#x43A;&#x43E;&#x437;&#x43D;&#x430;&#x43D;&#x438;&#x435; -- &#x418;&#x441;&#x442;&#x43E;&#x440;&#x438;&#x44F; &#x44F;&#x437;&#x44B;&#x43A;&#x43E;&#x437;&#x43D;&#x430;&#x43D;&#x438;&#x44F; -- &#x420;&#x43E;&#x441;&#x441;&#x438;&#x439;&#x441;&#x43A;&#x430;&#x44F; &#x424;&#x435;&#x434;&#x435;&#x440;&#x430;&#x446;&#x438;&#x44F; -- &#x434;&#x43E; 1917 &#x433;. -- &#x41F;&#x435;&#x440;&#x441;&#x43E;&#x43D;&#x430;&#x43B;&#x438;&#x438; &#x44F;&#x437;&#x44B;&#x43A;&#x43E;&#x432;&#x435;&#x434;&#x43E;&#x432; -- &#x412;&#x438;&#x448;&#x43D;&#x435;&#x432;&#x441;&#x43A;&#x438;&#x439; &#x412;&#x438;&#x43A;&#x442;&#x43E;&#x440; &#x41F;&#x435;&#x442;&#x440;&#x43E;&#x432;&#x438;&#x447; (1804-1885) - &#x43A;&#x430;&#x43A; &#x44F;&#x437;&#x44B;&#x43A;&#x43E;&#x432;&#x435;&#x434; -- &#x418;&#x441;&#x441;&#x43B;&#x435;&#x434;&#x43E;&#x432;&#x430;&#x43D;&#x438;&#x435; &#x438; &#x445;&#x430;&#x440;&#x430;&#x43A;&#x442;&#x435;&#x440;&#x438;&#x441;&#x442;&#x438;&#x43A;&#x430; &#x434;&#x435;&#x44F;&#x442;&#x435;&#x43B;&#x44C;&#x43D;&#x43E;&#x441;&#x442;&#x438;</subfield>
  </datafield>
  <datafield tag="610" ind1="0" ind2=" ">
    <subfield code="a">&#x420;&#x435;&#x43B;&#x438;&#x433;&#x438;&#x44F; -- &#x425;&#x440;&#x438;&#x441;&#x442;&#x438;&#x430;&#x43D;&#x441;&#x442;&#x432;&#x43E; -- &#x41F;&#x440;&#x430;&#x432;&#x43E;&#x441;&#x43B;&#x430;&#x432;&#x438;&#x435; -- &#x420;&#x443;&#x441;&#x441;&#x43A;&#x430;&#x44F; &#x43F;&#x440;&#x430;&#x432;&#x43E;&#x441;&#x43B;&#x430;&#x432;&#x43D;&#x430;&#x44F; &#x446;&#x435;&#x440;&#x43A;&#x43E;&#x432;&#x44C; -- &#x412;&#x435;&#x440;&#x43E;&#x443;&#x447;&#x435;&#x43D;&#x438;&#x435;. &#x411;&#x43E;&#x433;&#x43E;&#x441;&#x43B;&#x43E;&#x432;&#x438;&#x435; -- &#x418;&#x441;&#x442;&#x43E;&#x440;&#x438;&#x44F; &#x43F;&#x440;&#x430;&#x432;&#x43E;&#x441;&#x43B;&#x430;&#x432;&#x43D;&#x43E;&#x433;&#x43E; &#x431;&#x43E;&#x433;&#x43E;&#x441;&#x43B;&#x43E;&#x432;&#x438;&#x44F; -- 19 &#x432;. -- &#x41F;&#x435;&#x440;&#x441;&#x43E;&#x43D;&#x430;&#x43B;&#x438;&#x438; &#x431;&#x43E;&#x433;&#x43E;&#x441;&#x43B;&#x43E;&#x432;&#x43E;&#x432; -- &#x412;&#x438;&#x448;&#x43D;&#x435;&#x432;&#x441;&#x43A;&#x438;&#x439; &#x412;&#x438;&#x43A;&#x442;&#x43E;&#x440; &#x41F;&#x435;&#x442;&#x440;&#x43E;&#x432;&#x438;&#x447; (1804-1885) - &#x431;&#x43E;&#x433;&#x43E;&#x441;&#x43B;&#x43E;&#x432;</subfield>
  </datafield>
  <datafield tag="686" ind1=" " ind2=" ">
    <subfield code="a">&#x428;1&#x433;(2)1&#x434;.&#x412;&#x438;&#x448;&#x43D;&#x435;&#x432;&#x441;&#x43A;&#x438;&#x439; &#x412;.&#x41F;.-4,0</subfield>
    <subfield code="2">rubbk</subfield>
  </datafield>
  <datafield tag="686" ind1=" " ind2=" ">
    <subfield code="a">&#x428;163.51-01,0</subfield>
    <subfield code="2">rubbk</subfield>
  </datafield>
  <datafield tag="686" ind1=" " ind2=" ">
    <subfield code="a">&#x42D;372.24-4-350.8&#x412;&#x438;&#x448;&#x43D;&#x435;&#x432;&#x441;&#x43A;&#x438;&#x439; &#x412;.&#x41F;.,0</subfield>
    <subfield code="2">rubbk</subfield>
  </datafield>
  <datafield tag="686" ind1=" " ind2=" ">
    <subfield code="a">&#x428;163.51&#x433;</subfield>
  </datafield>
  <datafield tag="700" ind1=" " ind2="1">
    <subfield code="4">070</subfield>
    <subfield code="8">rus</subfield>
    <subfield code="7">ca</subfield>
    <subfield code="a">&#x41F;&#x435;&#x442;&#x440;&#x43E;&#x432;</subfield>
    <subfield code="b">&#x41D;. &#x41F;.</subfield>
    <subfield code="c">&#x434;-&#x440; &#x444;&#x438;&#x43B;&#x43E;&#x43B;. &#x43D;&#x430;&#x443;&#x43A;, &#x43B;&#x438;&#x43D;&#x433;&#x432;&#x438;&#x441;&#x442;</subfield>
    <subfield code="f">1929-2008</subfield>
    <subfield code="g">&#x41D;&#x438;&#x43A;&#x43E;&#x43B;&#x430;&#x439; &#x41F;&#x435;&#x442;&#x440;&#x43E;&#x432;&#x438;&#x447;</subfield>
    <subfield code="3">RU\NLR\auth\7729661</subfield>
    <subfield code="9">12690</subfield>
  </datafield>
  <datafield tag="801" ind1=" " ind2="0">
    <subfield code="a">RU</subfield>
    <subfield code="b">RuMoRKP</subfield>
    <subfield code="c">20040818</subfield>
    <subfield code="g">rcr</subfield>
  </datafield>
  <datafield tag="801" ind1=" " ind2="1">
    <subfield code="a">RU</subfield>
    <subfield code="b">RuMoRGB</subfield>
    <subfield code="c">20040818</subfield>
  </datafield>
  <datafield tag="801" ind1=" " ind2="2">
    <subfield code="a">RU</subfield>
    <subfield code="b">NLR</subfield>
    <subfield code="c">20050524</subfield>
    <subfield code="g">PSBO</subfield>
  </datafield>
  <datafield tag="830" ind1=" " ind2=" ">
    <subfield code="a">&#x410;&#x432;&#x442;. &#x43F;&#x43E; &#x43A;&#x43D;.</subfield>
  </datafield>
  <datafield tag="852" ind1=" " ind2=" ">
    <subfield code="a">NLR</subfield>
    <subfield code="b">&#x41E;&#x41D;&#x41B;</subfield>
    <subfield code="j">&#x427;&#x443;&#x432;./2-4819</subfield>
  </datafield>
  <datafield tag="942" ind1=" " ind2=" ">
    <subfield code="c">BOOK</subfield>
  </datafield>
  <datafield tag="980" ind1=" " ind2=" ">
    <subfield code="a">NB</subfield>
  </datafield>
  <datafield tag="980" ind1=" " ind2=" ">
    <subfield code="a">NBR</subfield>
  </datafield>
  <datafield tag="995" ind1=" " ind2=" ">
    <subfield code="5">2005-05-24</subfield>
    <subfield code="a">ad</subfield>
    <subfield code="b">NLR01</subfield>
    <subfield code="c">NLR01</subfield>
    <subfield code="e">ONL</subfield>
    <subfield code="f">1-4378243</subfield>
    <subfield code="k">&#x41E;&#x41D;&#x41B; &#x427;&#x443;&#x432;./2-4819</subfield>
    <subfield code="o">0</subfield>
    <subfield code="r">BOOK</subfield>
    <subfield code="s">_24819</subfield>
  </datafield>
  <datafield tag="995" ind1=" " ind2=" ">
    <subfield code="5">2005-05-24</subfield>
    <subfield code="a">ad</subfield>
    <subfield code="b">NLR01</subfield>
    <subfield code="c">NLR01</subfield>
    <subfield code="e">OBM</subfield>
    <subfield code="f">926392</subfield>
    <subfield code="o">0</subfield>
    <subfield code="r">BOOK</subfield>
  </datafield>
</record>
